Name Every Doctor Who Episode (1963-2024) - Statistics

General Stats
  • This quiz has been taken 196 times
  • The average score is 647 of 1070
Answer Stats
Episode Answer % Correct
663 | 688 | 728 A
100%
726 | 901 a
100%
1 An
100%
4 | 6 | 12 | +170 others The
96%
53 | 84 | 102 | +72 others the
96%
31 | 488 | 605 | +2 others Earth
93%
129 | 170 | 190 | +9 others in
93%
804 In
93%
8 | 14 | 22 | +107 others of
93%
151 | 447 | 701 | +3 others Who
93%
3 | 471 Child
89%
28 | 463 | 786 Dalek
89%
61 Plan
89%
24 | 38 | 80 | +9 others Planet
89%
52 | 204 | 337 | +4 others to
89%
74 | 145 | 461 | +3 others War
89%
5 | 85 | 103 | +14 others Daleks
85%
59 Dalek's
85%
150 | 446 | 473 | +9 others Doctor
85%
118 | 453 | 460 | +3 others World
85%
152 | 413 | 419 | +9 others and
81%
60 Master
81%
47 | 184 | 198 | +11 others Time
81%
29 | 137 | 199 | +4 others Invasion
78%
386 | 725 | 799 | 1011 on
78%
42 | 130 | 143 | +5 others Space
78%
2 Unearthly
78%
50 4
74%
82 | 297 | 733 | 997 Power
74%
23 | 95 | 160 | +3 others Terror
74%
186 | 462 | 735 Three
74%
108 | 225 | 384 | +2 others Cybermen
70%
173 | 468 | 669 | 773 Day
70%
143 | 158 | 196 | +5 others Death
70%
187 | 359 | 395 Doctors
70%
585 | 680 Doctor's
70%
690 Man
70%
954 Me?
70%
9 Destruction
67%
49 | 437 Galaxy
67%
466 Game
67%
448 Rose
67%
456 | 599 | 614 Dead
63%
202 | 724 Dinosaurs
63%
7 Edge
63%
100 | 165 | 232 | 258 Evil
63%
122 | 253 | 519 Fear
63%
10 Marco
63%
11 Polo
63%
246 Doom
59%
450 | 607 | 620 | 876 End
59%
124 | 148 | 309 from
59%
146 Games
59%
26 Giants
59%
185 | 207 Monster
59%
672 | 797 Moon
59%
212 | 787 Robot
59%
217 | 579 Sontaran
59%
177 | 442 | 674 Curse
56%
126 | 363 | 782 Deep
56%
256 | 846 Face
56%
358 Five
56%
13 Keys
56%
697 | 809 | 943 Night
56%
288 Pirate
56%
180 | 994 Sea
56%
823 Under
56%
198 Warrior
56%
17 Aztecs
52%
373 Fire
52%
75 Machines
52%
15 Marinus
52%
235 | 618 | 887 Mars
52%
134 | 164 Mind
52%
311 | 515 Pit
52%
35 Romans
52%
19 Sensorites
52%
77 Smugglers
52%
79 Tenth
52%
37 | 120 Web
52%
128 Wheel
52%
65 | 214 Ark
48%
874 at
48%
45 Chase
48%
491 Claw
48%
181 | 995 Devils
48%
1017 Devil's
48%
115 | 272 Enemy
48%
252 Hand
48%
87 Highlanders
48%
188 | 518 Monsters
48%
43 Museum
48%
98 Ones
48%
143 Pirates
48%
21 Reign
48%
141 | 244 Seeds
48%
147 Spearhead
48%
394 Two
48%
113 | 360 Warriors
48%
328 Warriors'
48%
237 Android
44%
132 Dominators
44%
338 | 524 Doomsday
44%
336 Four
44%
495 | 700 | 830 Girl
44%
195 Green
44%
112 | 867 Ice
44%
558 | 815 Last
44%
48 Meddler
44%
873 Pyramid
44%
33 Rescue
44%
259 Robots
44%
110 | 741 Snowmen
44%
476 | 729 Town
44%
545 42
41%
346 Arc
41%
162 Autons
41%
342 | 677 Black
41%
485 | 664 | 816 Christmas
41%
649 | 751 Cold
41%
538 Evolution
41%
97 Faceless
41%
439 | 910 Ghost
41%
266 | 763 Horror
41%
511 | 667 Impossible
41%
94 Macra
41%
57 | 278 Makers
41%
90 Menace
41%
72 Savages
41%
212 Spiders
41%
277 Sun
41%
105 Tomb
41%
68 Toymaker
41%
89 Underwater
41%
834 | 904 Woman
41%
504 Age
37%
636 | 737 Angels
37%
627 | 1003 Beast
37%
293 | 551 | 650 Blood
37%
240 Brain
37%
67 Celestial
37%
304 City
37%
166 Claws
37%
217 | 544 Experiment
37%
123 Fury
37%
218 Genesis
37%
70 Gunfighters
37%
754 Journey
37%
139 Krotons
37%
465 Long
37%
51 Mission
37%
92 Moonbase
37%
242 Morbius
37%
178 | 209 Peladon
37%
573 Pompeii
37%
135 Robber
37%
514 Satan
37%
592 Silence
37%
154 Silurians
37%
555 Sound
37%
727 Spaceship
37%
54 Unknown
37%
838 | 841 Zygon
37%
255 Assassin
33%
168 Axos
33%
552 Blink
33%
187 Carnival
33%
254 Deadly
33%
470 Empty
33%
571 Fires
33%
953 Hear
33%
520 Her
33%
348 Infinity
33%
784 Into
33%
562 Lords
33%
63 Massacre
33%
56 Myth
33%
609 Next
33%
233 Pyramids
33%
222 Revenge
33%
430 | 766 Silver
33%
712 | 857 Song
33%
506 Steel
33%
604 Stolen
33%
455 Unquiet
33%
109 Abominable
30%
156 Ambassadors
30%
381 Attack
30%
1005 Blue
30%
475 | 1019 Boom
30%
169 Colony
30%
40 Crusade
30%
172 Daemons
30%
474 Dances
30%
557 Drums
30%
189 Frontier
30%
523 Ghosts
30%
1008 Giggle
30%
689 Good
30%
854 Husbands
30%
159 Inferno
30%
595 Library
30%
440 | 891 Light
30%
537 | 739 Manhattan
30%
182 Mutants
30%
768 Name
30%
480 Parting
30%
967 Revolution
30%
499 Rise
30%
711 | 856 River
30%
912 Rosa
30%
789 Sherwood
30%
760 TARDIS
30%
698 Terrors
30%
866 Thin
30%
489 Tooth
30%
811 Water
30%
521 Army
26%
668 Astronaut
26%
477 Bad
26%
932 Battle
26%
628 Below
26%
527 Bride
26%
356 | 920 Demons
26%
353 Enlightenment
26%
467 Father's
26%
498 Fireplace
26%
637 | 684 Flesh
26%
596 | 806 Forest
26%
625 Hour
26%
508 Idiot's
26%
746 John
26%
695 | 795 Kill
26%
694 Let's
26%
600 Midnight
26%
862 Mysterio
26%
311 | 764 Nightmare
26%
577 Ood
26%
367 Resurrection
26%
397 Revelation
26%
1012 | 1029 Ruby
26%
526 Runaway
26%
1002 Star
26%
639 Stone
26%
738 Take
26%
263 Talons
26%
553 Utopia
26%
629 Victory
26%
651 Vincent
26%
483 Ways
26%
709 Wedding
26%
265 Weng-Chiang
26%
1004 Wild
26%
1006 Yonder
26%
457 Aliens
22%
295 Androids
22%
377 Androzani
22%
720 Asylum
22%
1015 Babies
22%
730 Called
22%
762 Crimson
22%
987 Eve
22%
549 Family
22%
268 Fang
22%
984 Flux
22%
329 Gate
22%
691 Goes
22%
433 Greatest
22%
814 | 849 Heaven
22%
530 Jones
22%
825 Lake
22%
509 Lantern
22%
459 London
22%
516 Love
22%
250 Mandragora
22%
248 Masque
22%
731 Mercy
22%
487 New
22%
978 Once
22%
864 Pilot
22%
582 Poison
22%
269 Rock
22%
434 Show
22%
528 Smith
22%
678 Spot
22%
580 Stratagem
22%
1030 Sunday
22%
601 Turn
22%
279 Underworld
22%
641 Vampires
22%
643 Venice
22%
702 Waited
22%
616 Waters
22%
229 Zygons
22%
686 Almost
19%
826 Before
19%
783 Breath
19%
794 Caretaker
19%
665 Carol
19%
335 Castrovalva
19%
375 Caves
19%
757 Centre
19%
1010 Church
19%
308 Creature
19%
300 Destiny
19%
832 Died
19%
624 Eleventh
19%
1031 Empire
19%
885 Empress
19%
893 Enough
19%
898 Falls
19%
534 Gridlock
19%
851 Hell
19%
753 Hide
19%
696 Hitler
19%
546 Human
19%
647 Hungry
19%
842 Inversion
19%
271 Invisible
19%
927 It
19%
606 Journey's
19%
331 Keeper
19%
602 Left
19%
991 | 1027 Legend
19%
881 Lie
19%
836 Lived
19%
334 Logopolis
19%
547 Nature
19%
844 No
19%
392 | 415 Rani
19%
683 Rebel
19%
423 Remembrance
19%
748 Rings
19%
1013 Road
19%
850 Sent
19%
318 Shada
19%
532 Shakespeare
19%
583 Sky
19%
296 Tara
19%
352 Terminus
19%
345 Time-Flight
19%
333 Traken
19%
410 Ultimate
19%
681 Wife
19%
478 Wolf
19%
940 55
15%
644 Amy's
15%
935 Av
15%
421 Bannermen
15%
852 Bent
15%
661 Big
15%
1024 Bubble
15%
966 Children
15%
645 Choice
15%
706 Closing
15%
810 Dark
15%
586 Daughter
15%
327 Decay
15%
418 Delta
15%
380 Dilemma
15%
1022 Dot
15%
422 Dragonfire
15%
344 Earthshock
15%
313 Eden
15%
802 Express
15%
299 Factor
15%
906 Fell
15%
275 Fendahl
15%
444 Fenric
15%
828 Flood
15%
366 Frontios
15%
704 God
15%
972 Halloween
15%
428 Happiness
15%
315 Horns
15%
273 Image
15%
1034 Joy
15%
924 Kerblam!
15%
355 King's
15%
297 Kroll
15%
543 Lazarus
15%
656 Lodger
15%
431 Nemesis
15%
317 Nimon
15%
286 Operation
15%
343 Orchid
15%
801 Orient
15%
416 Paradise
15%
687 People
15%
950 Praxeus
15%
937 Resolution
15%
493 Reunion
15%
285 Ribos
15%
1025 Rogue
15%
745 Saint
15%
492 School
15%
865 Smile
15%
977 Sontarans
15%
325 State
15%
899 Twice
15%
379 Twin
15%
351 Undead
15%
588 Unicorn
15%
900 | 979 Upon
15%
387 Varos
15%
385 Vengeance
15%
719 Wardrobe
15%
716 Widow
15%
1021 Yards
15%
929 | 952 You
15%
1020 73
11%
750 Akhaten
11%
973 Apocalypse
11%
913 Arachnids
11%
298 Armageddon
11%
365 Awakening
11%
743 Bells
11%
951 Can
11%
1018 Chord
11%
324 Circle
11%
533 Code
11%
569 Crime
11%
566 Damned
11%
889 Eaters
11%
871 Extremis
11%
411 Foe
11%
323 Full
11%
339 Kinda
11%
868 | 869 Knock
11%
936 Kolos
11%
790 Listen
11%
322 Meglos
11%
404 Mindwarp
11%
845 More
11%
798 Mummy
11%
939 Orphan
11%
567 Partners
11%
429 Patrol
11%
859 Return
11%
843 Sleep
11%
349 Snakedance
11%
291 Stones
11%
981 Survivors
11%
396 Timelash
11%
417 Towers
11%
986 Vanquishers
11%
341 Visitation
11%
563 Voyage
11%
591 Wasp
11%
819 Apprentice
7%
662 Bang
7%
438 Battlefield
7%
705 Complex
7%
803 Flatline
7%
792 Heist
7%
321 Hive
7%
884 Land
7%
320 Leisure
7%
818 Magician's
7%
389 Mark
7%
350 Mawdryn
7%
402 Mysterious
7%
659 Opens
7%
870 Oxygen
7%
658 Pandorica
7%
934 Ranskoor
7%
848 Raven
7%
445 Survival
7%
965 Timeless
7%
408 Vervoids
7%
958 Villa
7%
960 Ascension
4%
930 Away
4%
919 Conundrum
4%
822 Familiar
4%
911 Monument
4%
923 Punjab
4%
938 Spyfall
4%
928 Takes
4%
918 Tsuranga
4%
916 UK
4%
821 Witch's
4%
959 Diodati
0%
946 Fugitive
0%
956 Haunting
0%
949 Judoon
0%
941 Nikola
0%
942 Tesla's
0%
926 Witchfinders
0%
No matching quizzes found
Score Distribution
Percent of People with Each Score
Percentile by Number Answered
Your Score History
You have not taken this quiz